Nová funkčná rozpočtová klasifikácia

Významnou zmenou, ktorá ovplyvnila zostavenie rozpočtu na roky 2015 až 2017, je uplatnenie novej vyhlášky Štatistického úradu Slovenskej republiky č. 257/2014 Z. z., ktorou sa vydáva štatistická klasifikácia výdavkov verejnej správy, účinnej od 1. októbra 2014.

Salvato in:
Dettagli Bibliografici
Autore principale: Konečná Veverková, Ingrid
Natura: Capitolo di libro
Lingua:slovacco
Soggetti:
Tags: Aggiungi Tag
Nessun Tag, puoi essere il primo ad aggiungerne!!

MARC

LEADER 00000naa a2200000 4500
001 0196347
005 20231204112429.8
041 0 |a slo 
044 |a SK 
245 1 0 |a Nová funkčná rozpočtová klasifikácia  |c Ingrid Konečná Veverková 
520 |a Významnou zmenou, ktorá ovplyvnila zostavenie rozpočtu na roky 2015 až 2017, je uplatnenie novej vyhlášky Štatistického úradu Slovenskej republiky č. 257/2014 Z. z., ktorou sa vydáva štatistická klasifikácia výdavkov verejnej správy, účinnej od 1. októbra 2014. 
610 2 0 |a Slovensko 
610 2 0 |a rozpočet štátny 
610 2 0 |a výdavky 
610 2 0 |a správa verejná 
610 2 0 |a pravidlá rozpočtové 
100 1 |a Konečná Veverková, Ingrid